Score 0/300 Timer 12:00
0 Plays Today
% Correct
a
98%
the
98%
the
98%
the
98%
a
98%
the
98%
the
98%
the
98%
And
98%
the
98%
the
98%
and
98%
And
98%
and
98%
And
98%
and
98%
a
98%
the
98%
and
98%
a
98%
a
98%
And
98%
the
98%
the
98%
and
98%
The
98%
and
98%
And
98%
a
98%
the
98%
the
98%
and
98%
the
98%
the
98%
a
98%
I
97.6%
I
97.6%
I
97.6%
I
97.6%
I
97.6%
I
97.6%
I
97.6%
I
97.6%
I
97.6%
I
97.6%
I
97.6%
you
87.7%
you
87.7%
to
75.9%
to
75.9%
to
75.9%
to
75.9%
to
75.9%
to
75.9%
to
75.9%
to
75.9%
to
75.9%
to
75.9%
to
75.9%
to
75.9%
to
75.9%
to
75.9%
to
75.9%
me
75.2%
me
75.2%
me
75.2%
me
75.2%
me
75.2%
me
75.2%
me
75.2%
me
75.2%
we
74.8%
we
74.8%
we
74.8%
be
73.2%
be
73.2%
he
72.8%
he
72.8%
he
72.8%
it
71.9%
it,
71.9%
it,
71.9%
it
71.9%
on
70%
is
70%
is
70%
is
70%
what
65.4%
what
65.4%
what
65.4%
an
64.9%
if
63.4%
where
62.9%
so
62.7%
of
62.5%
of
62.5%
of
62.5%
of
62.5%
of
62.5%
of
62.5%
% Correct
of
62.5%
my
62.1%
my
62.1%
that
62.1%
my
62.1%
my
62.1%
my
62.1%
my
62.1%
my
62.1%
my
62.1%
go
61.2%
for
60.7%
for
60.7%
how
57%
I'm
56.8%
They
55%
They
55%
they
55%
they
55%
know
53.3%
this
53.1%
This
53.1%
This
53.1%
could
52.4%
see
51.1%
see
51.1%
would
50%
would
50%
would
50%
but
47.4%
were
47.4%
want
46.7%
day
44.7%
day
44.7%
all
44.1%
all
44.1%
from
43%
at
43%
from
43%
at
43%
was
42.5%
had
41.4%
had
41.4%
Every
39.7%
Every
39.7%
say
38.8%
hear
37.9%
hear
37.9%
said
37.1%
said
37.1%
said,
37.1%
here
36.6%
get
35.3%
up
34%
did
33.3%
down
31.6%
down
31.6%
down
31.6%
down
31.6%
down
31.6%
down
31.6%
down
31.6%
man
30.7%
nothing,
28.5%
nothing
28.5%
nothing
28.5%
nothing
28.5%
nothing!
28.5%
nothing,
28.5%
nothing!
28.5%
nothing,
28.5%
feel
28.3%
feel
28.3%
feel
28.3%
feel?
28.3%
girl
28.3%
feel
28.3%
feel
28.3%
try
27.6%
try
27.6%
try
27.6%
yes
27.4%
yes
27.4%
week
26.3%
week
26.3%
week,
26.3%
bottom
26.1%
bottom
26.1%
bottom
26.1%
bottom
26.1%
bottom
26.1%
bottom
26.1%
good
25.4%
something,
25.2%
something,
25.2%
Went
25%
Went
25%
right
24.1%
right
24.1%
right
24.1%
% Correct
right
24.1%
didn't
24.1%
soul
23.7%
soul
23.7%
soul
23.7%
soul
23.7%
soul
23.7%
soul
23.7%
more
23.2%
top
23.2%
find
22.8%
head,
21.7%
felt
21.5%
felt
21.5%
felt,
21.5%
very
21.1%
tried,
19.7%
tried.
19.7%
tried
19.7%
came
19.5%
feeling
19.1%
feeling
19.1%
says:
18.4%
really
18.4%
really
18.4%
inside,
18%
alone.
17.8%
which
17.8%
help
17.8%
help
17.8%
wind
17.5%
wind
17.5%
else
17.3%
turn.
17.3%
hill.
16.9%
dug
16.7%
dug
16.7%
Second
16.7%
ice
16.7%
dug
16.7%
ice
16.7%
dug
16.7%
car,
16.4%
called
16.4%
called
16.4%
voice
16.4%
voice
16.4%
cream
15.8%
cream
15.8%
please.
15.8%
better
15.8%
Mr.
15.6%
cone.
15.6%
Mr.
15.6%
motion,
15.4%
motion,
15.4%
except
15.4%
except
15.4%
melt!
15.1%
makes
15.1%
Morales,
14.5%
Morales,
14.5%
Morales,
14.5%
rush,
14%
rush,
14%
****
14%
absurd.
14%
Maria
14%
Maria
14%
chill.
13.8%
table,
13.8%
Santa
13.8%
Santa
13.8%
church
13.6%
church
13.6%
transferred.
13.2%
send
13.2%
send
13.2%
class!
13.2%
burn,
12.9%
knees.
12.9%
Karp
12.7%
Karp
12.7%
Karp
12.7%
praying
12.7%
praying
12.7%
pretty
12.7%
course
12.5%
sports
12.3%
guidance,
12.3%
guidance,
12.3%
allowed
12.1%
hopeless,
12.1%
okay
11.8%
kids
11.6%
until
11.6%
yelled
11.2%
advanced
11%
helpful,
9.6%
turns
9.2%

You're not logged in!

Compare scores with friends on all Sporcle quizzes.
OR
Log In

Sporcle TV

Today on Sporcle TV


Watch our educational content, quiz creation guides, and fun videos on Sporcle TV.

Show Comments

Extras

Top Quizzes Today


Score Distribution

Paid Content

Your Account Isn't Verified!

In order to create a playlist on Sporcle, you need to verify the email address you used during registration. Go to your Sporcle Settings to finish the process.

Report this User

Report this user for behavior that violates our Community Guidelines.

Details: